[Event "Titled Tuesday 2024.09.17 Late"]
[Site "chess.com INT"]
[Date "2024.09.17"]
[Round "10"]
[White "Ozen, Metehan"]
[Black "Keleberda, Tymur"]
[Result "0-1"]
[WhiteElo "2127"]
[BlackElo "2258"]
[WhiteFideId "-1"]
[BlackFideId "-1"]
[PlyCount "76"]
[GameId "2130307536718616"]
[EventDate "2024.09.17"]
[EventType "swiss (blitz)"]
[EventRounds "11"]
[EventCountry "NET"]
[SourceTitle "The Week in Chess 1559"]
[Source "Mark Crowther"]
[SourceDate "2024.09.23"]
[SourceVersion "1"]
[SourceVersionDate "2024.09.23"]
[SourceQuality "2"]

1. e4 a6 2. d4 e6 3. Nf3 d5 4. e5 c5 5. c3 Bd7 6. Bd3 Nc6 7. O-O cxd4 8. cxd4 Qb6 9. Nbd2 Nxd4 10. Nxd4 Qxd4 11. Nf3 Qb6 12. Be3 Qd8 13. Nd4 Ne7 14. f4 Nc6 15. Kh1 g6 16. Rc1 h5 17. Qc2 Rg8 18. Qb3 Na5 19. Qd1 Be7 20. a3 b5 21. f5 exf5 22. Qf3 Be6 23. Qf2 Nc4 24. a4 Nxe3 25. Qxe3 Bg5 26. Qe1 Bxc1 27. Qxc1 Rc8 28. Qd2 Qb6 29. Nf3 b4 30. Qh6 Kd7 31. Qh7 Rh8 32. Qg7 Rcg8 33. Qf6 Qd8 34. Qxd8+ Rxd8 35. Bxa6 Ra8 36. Bb5+ Ke7 37. Nd4 Bd7 38. Rc1 Rhc8 0-1

[Event "Titled Tuesday 2024.09.10 Early"]
[Site "Chess.com INT"]
[Date "2024.09.10"]
[Round "1"]
[White "Keleberda, Tymur"]
[Black "Osinovsky, Stepan"]
[Result "1/2-1/2"]
[WhiteElo "2258"]
[BlackElo "2235"]
[WhiteFideId "-1"]
[BlackFideId "-1"]
[PlyCount "140"]
[GameId "2107989760028188"]
[EventDate "2024.09.10"]
[EventType "swiss (blitz)"]
[EventRounds "11"]
[EventCountry "NET"]
[SourceTitle "EXT 2025"]
[Source "ChessBase"]
[SourceDate "2024.10.14"]
[SourceVersion "1"]
[SourceVersionDate "2024.10.14"]
[SourceQuality "1"]

1. Nf3 Nf6 2. c4 g6 3. g3 Bg7 4. Bg2 O-O 5. O-O d6 6. d4 c6 7. Nc3 Bf5 8. Nd2 Qc8 9. Qb3 b6 10. e4 Bh3 11. e5 Nh5 12. f4 Bxg2 13. Kxg2 c5 14. Nd5 Re8 15. exd6 exd6 16. dxc5 Re2+ 17. Rf2 Rxf2+ 18. Kxf2 Nc6 19. Nf3 Nd4 20. Ne7+ Kf8 21. Nxc8 Nxb3 22. axb3 Rxc8 23. cxd6 Rd8 24. Rxa7 Rxd6 25. Be3 Nf6 26. c5 Ng4+ 27. Ke2 Re6 28. Ne5 Bxe5 29. fxe5 Rxe5 30. cxb6 Rxe3+ 31. Kd2 Rxb3 32. b7 Kg7 33. h3 Ne5 34. Kc2 Rb6 35. Kc3 Nc6 36. Ra8 Rxb7 37. Rc8 Ne7 38. Rc5 h5 39. b4 Nf5 40. g4 Ng3 41. Kc4 Ne4 42. Re5 Nd6+ 43. Kc5 Ne8 44. Rxe8 hxg4 45. hxg4 f5 46. gxf5 gxf5 47. b5 f4 48. b6 f3 49. Re1 Kg6 50. Rf1 Rf7 51. Kc6 Rf6+ 52. Kc7 Rf7+ 53. Kc8 Rf8+ 54. Kc7 Rf7+ 55. Kc6 Rf6+ 56. Kb5 Rf5+ 57. Ka6 Kg5 58. b7 Rf6+ 59. Ka7 Rf7 60. Kb6 Rxb7+ 61. Kxb7 Kf4 62. Kc6 Ke3 63. Kd5 Ke2 64. Ra1 f2 65. Ra2+ Ke1 66. Ra1+ Ke2 67. Ke4 f1=Q 68. Ra2+ Ke1 69. Ra1+ Kf2 70. Rxf1+ Kxf1 1/2-1/2

[Event "Titled Tuesday 2024.09.10 Early"]
[Site "Chess.com INT"]
[Date "2024.09.10"]
[Round "2"]
[White "Ai, Evan Zihao"]
[Black "Keleberda, Tymur"]
[Result "0-1"]
[WhiteElo "2202"]
[BlackElo "2258"]
[WhiteFideId "-1"]
[BlackFideId "-1"]
[PlyCount "116"]
[GameId "2107989760036576"]
[EventDate "2024.09.10"]
[EventType "swiss (blitz)"]
[EventRounds "11"]
[EventCountry "NET"]
[SourceTitle "EXT 2025"]
[Source "ChessBase"]
[SourceDate "2024.10.14"]
[SourceVersion "1"]
[SourceVersionDate "2024.10.14"]
[SourceQuality "1"]

1. e4 a6 2. d4 e6 3. Nc3 d5 4. exd5 exd5 5. Bd3 c6 6. Nge2 Bd6 7. O-O Ne7 8. Bf4 h6 9. Qd2 Bxf4 10. Nxf4 Bf5 11. Rfe1 Bxd3 12. Nxd3 O-O 13. Na4 Nf5 14. Qb4 b5 15. Nac5 a5 16. Qd2 Nxd4 17. Ne5 Nf5 18. Rad1 Nd6 19. Qf4 Nc4 20. Nxc4 bxc4 21. Re3 Nd7 22. Qd6 Nxc5 23. Qxc5 Ra6 24. g3 Qb6 25. Qxb6 Rxb6 26. b3 cxb3 27. axb3 Ra8 28. Rc3 a4 29. Ra1 a3 30. Ra2 Kf8 31. Kf1 Ke7 32. Ke2 Kd6 33. b4 Rxb4 34. Rcxa3 Re8+ 35. Kd2 Rb1 36. Re3 Rxe3 37. Kxe3 Re1+ 38. Kd2 Rh1 39. h4 g5 40. hxg5 hxg5 41. Ra7 f6 42. Rf7 Rh6 43. Ke3 c5 44. Ra7 Rh1 45. Ra6+ Ke5 46. Ra8 d4+ 47. Kf3 Rc1 48. Re8+ Kf5 49. Re2 g4+ 50. Kg2 c4 51. f3 gxf3+ 52. Kxf3 Rf1+ 53. Kg2 Rd1 54. Kf3 Kg5 55. Re4 c3 56. Re2 f5 57. Rg2 d3 58. cxd3 Rxd3+ 0-1

[Event "Titled Tuesday 2024.09.10 Early"]
[Site "Chess.com INT"]
[Date "2024.09.10"]
[Round "6"]
[White "Keleberda, Tymur"]
[Black "Ziatdinov, Raset"]
[Result "0-1"]
[WhiteElo "2258"]
[BlackElo "2063"]
[WhiteFideId "-1"]
[BlackFideId "-1"]
[PlyCount "124"]
[GameId "2107989760082930"]
[EventDate "2024.09.10"]
[EventType "swiss (blitz)"]
[EventRounds "11"]
[EventCountry "NET"]
[SourceTitle "EXT 2025"]
[Source "ChessBase"]
[SourceDate "2024.10.14"]
[SourceVersion "1"]
[SourceVersionDate "2024.10.14"]
[SourceQuality "1"]

1. Nf3 Nf6 2. e3 g6 3. b3 Bg7 4. Bb2 O-O 5. Be2 d5 6. O-O c5 7. Qc1 Nc6 8. Ne5 Qc7 9. Nxc6 Qxc6 10. c4 Rd8 11. Bf3 Be6 12. Be5 Rac8 13. Nc3 Qd7 14. Bxf6 Bxf6 15. cxd5 Bxc3 16. dxc3 Bxd5 17. Rd1 Qc6 18. Bxd5 Rxd5 19. Rxd5 Qxd5 20. c4 Qd3 21. Qa3 a6 22. h3 Qd6 23. Rc1 Rd8 24. Rf1 Qb6 25. Qb2 Qf6 26. Qc2 Qd6 27. Qe4 b6 28. Qb7 a5 29. g3 Rd7 30. Qe4 Kg7 31. Kg2 Qd3 32. Qc6 Rd6 33. Qb7 Kf8 34. h4 h5 35. Qb8+ Kg7 36. Qb7 Kf8 37. Qf3 Qc2 38. Qa8+ Kg7 39. Qb7 Re6 40. Qd5 Qxa2 41. Qd3 Qb2 42. Rb1 Qe5 43. Qd1 Rd6 44. Qf3 Rd2 45. e4 Qd4 46. Re1 Rd3 47. Qe2 Rxb3 48. Rd1 Qb2 49. Rd2 Qe5 50. Rd5 Qe6 51. e5 a4 52. Qa2 Rb4 53. Qe2 Qc6 54. Kh2 a3 55. Qa2 Qa4 56. e6 f6 57. Rd7 Rb2 58. Rxe7+ Kf8 59. Rf7+ Kg8 60. Qa1 Rxf2+ 61. Kh3 Qxc4 62. Rxf6 Qg4# 0-1

[Event "Titled Tuesday 2024.09.10 Early"]
[Site "chess.com INT"]
[Date "2024.09.10"]
[Round "3"]
[White "Chen, Ryo"]
[Black "Keleberda, Tymur"]
[Result "1-0"]
[WhiteElo "2421"]
[BlackElo "2258"]
[WhiteFideId "-1"]
[BlackFideId "-1"]
[PlyCount "69"]
[GameId "2130307537256181"]
[EventDate "2024.09.10"]
[EventType "swiss (blitz)"]
[EventRounds "11"]
[EventCountry "NET"]
[SourceTitle "The Week in Chess 1558"]
[Source "Mark Crowther"]
[SourceDate "2024.09.16"]
[SourceVersion "1"]
[SourceVersionDate "2024.09.16"]
[SourceQuality "2"]

1. e4 a6 2. d4 e6 3. Nf3 d5 4. e5 c5 5. c3 Bd7 6. Qb3 Qc7 7. Be3 Nc6 8. dxc5 Nge7 9. Nbd2 Ng6 10. c4 d4 11. Nxd4 Bxc5 12. Nxe6 Bxe6 13. Bxc5 Qxe5+ 14. Be3 O-O 15. Nf3 Qa5+ 16. Bd2 Qc7 17. Bd3 Na5 18. Qc3 Bxc4 19. O-O Rac8 20. Rfc1 Qd6 21. Bxg6 hxg6 22. Qxa5 b5 23. Bb4 Qf6 24. Bxf8 Rxf8 25. Qc3 Qe6 26. b3 Bd5 27. Qe3 Qf5 28. Nd4 Qh5 29. f3 Rd8 30. Nc6 Rd6 31. Qe8+ Kh7 32. Ne7 f6 33. Nxd5 Rxd5 34. Rc8 g5 35. Qxh5# 1-0

[Event "Titled Tuesday 2024.09.10 Early"]
[Site "chess.com INT"]
[Date "2024.09.10"]
[Round "4"]
[White "Keleberda, Tymur"]
[Black "Paikens, Reinis"]
[Result "1/2-1/2"]
[WhiteElo "2258"]
[BlackElo "2286"]
[WhiteFideId "-1"]
[BlackFideId "-1"]
[PlyCount "163"]
[GameId "2130307537264525"]
[EventDate "2024.09.10"]
[EventType "swiss (blitz)"]
[EventRounds "11"]
[EventCountry "NET"]
[SourceTitle "The Week in Chess 1558"]
[Source "Mark Crowther"]
[SourceDate "2024.09.16"]
[SourceVersion "1"]
[SourceVersionDate "2024.09.16"]
[SourceQuality "2"]

1. Nf3 c5 2. e3 d5 3. b3 Nc6 4. Bb2 Nf6 5. Be2 e6 6. Ne5 Nxe5 7. Bxe5 Be7 8. O-O O-O 9. d3 Nd7 10. Bb2 Bf6 11. Qc1 Bxb2 12. Qxb2 Qf6 13. Qxf6 Nxf6 14. Nd2 b6 15. a4 a6 16. Bf3 Bb7 17. Rfb1 a5 18. c3 Ba6 19. c4 Bb7 20. e4 dxe4 21. Nxe4 Bxe4 22. dxe4 e5 23. Rd1 Rfd8 24. Kf1 Kf8 25. g4 h6 26. h4 Ke7 27. g5 hxg5 28. hxg5 Nh7 29. g6 fxg6 30. Rd5 Rxd5 31. exd5 Kd6 32. Ke2 Nf6 33. Rg1 e4 34. Bg2 g5 35. Bh3 Rh8 36. Bf5 Rh5 37. Ke3 Ke5 38. Bg4 Nxg4+ 39. Rxg4 Rh3+ 40. Rg3 g4 41. d6 Rh6 42. Rxg4 Rxd6 43. Rxe4+ Kf5 44. Rf4+ Kg5 45. Rf7 g6 46. Re7 Kf6 47. Rb7 Re6+ 48. Kf4 g5+ 49. Kg4 Re4+ 50. Kg3 Re6 51. Rb8 Rd6 52. f3 Ke5 53. Kg4 Kd4 54. Kxg5 Kc3 55. f4 Kxb3 56. f5 Kxc4 57. f6 Rd7 58. Rxb6 Kd5 59. Rb5 Kd4 60. Rxa5 c4 61. Ra6 Rc7 62. Re6 c3 63. Re7 Rc8 64. Rd7+ Ke5 65. Rd1 c2 66. Re1+ Kd4 67. Rc1 Kd3 68. f7 Kd2 69. Rxc2+ Kxc2 70. a5 Kb3 71. a6 Kb4 72. a7 Kb5 73. Kf6 Kb6 74. Ke7 Kxa7 75. Kd7 Ra8 76. Ke7 Kb6 77. Kf6 Kc6 78. Kg7 Ra7 79. Kf8 Kd6 80. Kg8 Ra8+ 81. f8=Q+ Rxf8+ 82. Kxf8 1/2-1/2

[Event "Titled Tuesday 2024.09.10 Early"]
[Site "chess.com INT"]
[Date "2024.09.10"]
[Round "5"]
[White "Martin Barcelo, Carles"]
[Black "Keleberda, Tymur"]
[Result "0-1"]
[WhiteElo "2263"]
[BlackElo "2258"]
[WhiteFideId "-1"]
[BlackFideId "-1"]
[PlyCount "90"]
[GameId "2130307537264645"]
[EventDate "2024.09.10"]
[EventType "swiss (blitz)"]
[EventRounds "11"]
[EventCountry "NET"]
[SourceTitle "The Week in Chess 1558"]
[Source "Mark Crowther"]
[SourceDate "2024.09.16"]
[SourceVersion "1"]
[SourceVersionDate "2024.09.16"]
[SourceQuality "2"]

1. d4 a6 2. e4 e6 3. Nf3 d6 4. Bd3 h6 5. O-O g6 6. c4 Bg7 7. Nc3 Ne7 8. Be3 Nd7 9. Qd2 b6 10. Rfe1 Bb7 11. h3 Kf8 12. Rac1 Kg8 13. b4 a5 14. b5 Qf8 15. a4 Rd8 16. d5 Nc5 17. Bxc5 dxc5 18. Qe3 e5 19. Nh4 Bc8 20. g4 h5 21. g5 f5 22. Kh2 Bd7 23. f3 Kh7 24. Rg1 Qf7 25. Rcf1 Rhf8 26. Ng2 Qg8 27. Qe1 Rf7 28. Nd1 Rdf8 29. Nde3 fxe4 30. fxe4 Rf3 31. Nh4 Rxh3+ 32. Kg2 Rf4 33. Nf3 Qf8 34. Nd2 Nc8 35. Rh1 Rxh1 36. Rxh1 Qe7 37. Qg3 Nd6 38. Rf1 h4 39. Qh2 Qxg5+ 40. Kh1 h3 41. Rg1 Qh5 42. Ndf1 Nxe4 43. Bxe4 Rxe4 44. Ng3 Qf3+ 45. Ng2 Rh4 0-1

[Event "Titled Tuesday 2024.08.20 Early"]
[Site "Chess.com INT"]
[Date "2024.08.20"]
[Round "1"]
[White "Soraas, Torben"]
[Black "Keleberda, Tymur"]
[Result "0-1"]
[WhiteElo "2151"]
[BlackElo "2283"]
[WhiteFideId "-1"]
[BlackFideId "-1"]
[PlyCount "56"]
[GameId "2107989758723457"]
[EventDate "2024.08.20"]
[EventType "swiss (blitz)"]
[EventRounds "11"]
[EventCountry "NET"]
[SourceTitle "EXT 2025"]
[Source "ChessBase"]
[SourceDate "2024.10.14"]
[SourceVersion "1"]
[SourceVersionDate "2024.10.14"]
[SourceQuality "1"]

1. Nf3 Nf6 2. g3 d5 3. Bg2 e6 4. c4 b6 5. cxd5 Nxd5 6. Nc3 Bb7 7. O-O Be7 8. d3 O-O 9. Nxd5 Bxd5 10. Be3 Nd7 11. Qa4 c5 12. Rfc1 Nf6 13. h3 Qb8 14. Bf4 Qb7 15. a3 Rfd8 16. b4 b5 17. Qa5 c4 18. dxc4 bxc4 19. Ne1 Rac8 20. Bxd5 exd5 21. Nf3 d4 22. Be5 d3 23. exd3 Qxf3 24. dxc4 Ne4 25. Qxa7 Bc5 26. bxc5 Qxf2+ 27. Kh1 Qf3+ 28. Kg1 Rd2 0-1

[Event "Titled Tuesday 2024.08.20 Early"]
[Site "Chess.com INT"]
[Date "2024.08.20"]
[Round "2"]
[White "Keleberda, Tymur"]
[Black "Rego, Pedro Filipe"]
[Result "0-1"]
[WhiteElo "2283"]
[BlackElo "2339"]
[WhiteFideId "-1"]
[BlackFideId "-1"]
[PlyCount "90"]
[GameId "2107989758727728"]
[EventDate "2024.08.20"]
[EventType "swiss (blitz)"]
[EventRounds "11"]
[EventCountry "NET"]
[SourceTitle "EXT 2025"]
[Source "ChessBase"]
[SourceDate "2024.10.14"]
[SourceVersion "1"]
[SourceVersionDate "2024.10.14"]
[SourceQuality "1"]

1. d4 Nf6 2. c4 e6 3. Nc3 d5 4. Bf4 dxc4 5. e3 c5 6. Bxc4 a6 7. a4 Nc6 8. Nf3 cxd4 9. exd4 Bd6 10. Qd2 O-O 11. O-O Nb4 12. Rac1 b6 13. Ne5 Bb7 14. Bg3 Nh5 15. Rfd1 Rc8 16. Be2 Nxg3 17. hxg3 Be7 18. Bf3 Bg5 19. Qe1 Bxf3 20. gxf3 Bxc1 21. Rxc1 Qxd4 22. Rd1 Qc5 23. Nd7 Qc6 24. Nxf8 Kxf8 25. Qe2 h6 26. Kg2 Qc4 27. Qe5 Qc7 28. Qe4 Nc6 29. Qh7 Ne7 30. Qd3 a5 31. Qh7 Ng6 32. Rd4 Rd8 33. Rg4 Qe7 34. Ne4 Rd5 35. Nc3 Rg5 36. Rc4 Rc5 37. Re4 Qf6 38. Nb5 Rc2 39. Rg4 Qxb2 40. Rxg6 Rxf2+ 41. Kh3 Rh2+ 42. Kg4 Qb4+ 43. f4 f5+ 44. Kf3 Qb3+ 45. Nc3 Qxc3# 0-1

[Event "Titled Tuesday 2024.08.20 Early"]
[Site "Chess.com INT"]
[Date "2024.08.20"]
[Round "3"]
[White "Alahakoon, Isuru"]
[Black "Keleberda, Tymur"]
[Result "1-0"]
[WhiteElo "1924"]
[BlackElo "2283"]
[WhiteFideId "-1"]
[BlackFideId "-1"]
[PlyCount "133"]
[GameId "2107989758736092"]
[EventDate "2024.08.20"]
[EventType "swiss (blitz)"]
[EventRounds "11"]
[EventCountry "NET"]
[SourceTitle "EXT 2025"]
[Source "ChessBase"]
[SourceDate "2024.10.14"]
[SourceVersion "1"]
[SourceVersionDate "2024.10.14"]
[SourceQuality "1"]

1. Nf3 Nf6 2. d4 b5 3. Nbd2 Bb7 4. e3 a6 5. Bd3 e6 6. O-O c5 7. b3 d5 8. dxc5 Bxc5 9. Bb2 O-O 10. Qe2 Nbd7 11. a4 b4 12. e4 dxe4 13. Nxe4 Nxe4 14. Bxe4 Qc7 15. Ng5 h6 16. Nh7 Bxe4 17. Qxe4 Rfe8 18. Rad1 Rad8 19. Qg4 e5 20. Rxd7 Rxd7 21. Nf6+ Kf8 22. Qxd7 Rc8 23. Qxc7 Rxc7 24. Ne4 Be7 25. Rc1 f5 26. Ng3 Bg5 27. Re1 f4 28. Ne4 Rxc2 29. Bxe5 Be7 30. h3 g5 31. Bd6 Bxd6 32. Nxd6 Rb2 33. Re8+ Kg7 34. Rb8 Rxb3 35. Ne4 a5 36. Nc5 Rc3 37. Rb5 b3 38. Nxb3 f3 39. g4 Rc2 40. Rxa5 Kf6 41. Nd4 Rc3 42. Kh2 Kg6 43. Kg3 Rd3 44. Nxf3 Ra3 45. Ra6+ Kg7 46. Kg2 Ra2 47. Nd4 Ra1 48. Nf5+ Kf7 49. Nxh6+ Kg7 50. Nf5+ Kf7 51. a5 Ra4 52. Ra7+ Kf6 53. a6 Ke5 54. Ra8 Kf4 55. a7 Ra6 56. Ne3 Ke4 57. Re8+ Kd3 58. a8=Q Rxa8 59. Rxa8 Ke2 60. h4 gxh4 61. g5 h3+ 62. Kxh3 Kf3 63. g6 Ke2 64. g7 Kf3 65. g8=Q Kxf2 66. Qg2+ Ke1 67. Ra1# 1-0

[Event "Titled Tuesday 2024.08.20 Late"]
[Site "Chess.com INT"]
[Date "2024.08.20"]
[Round "1"]
[White "Keleberda, Tymur"]
[Black "Van der Velden, Bram"]
[Result "0-1"]
[WhiteElo "2283"]
[BlackElo "2160"]
[WhiteFideId "-1"]
[BlackFideId "-1"]
[PlyCount "146"]
[GameId "2107989758828376"]
[EventDate "2024.08.20"]
[EventType "swiss (blitz)"]
[EventRounds "11"]
[EventCountry "NET"]
[SourceTitle "EXT 2025"]
[Source "ChessBase"]
[SourceDate "2024.10.14"]
[SourceVersion "1"]
[SourceVersionDate "2024.10.14"]
[SourceQuality "1"]

1. Nf3 d5 2. e3 e6 3. b3 Nf6 4. Bb2 Bd6 5. c4 O-O 6. Be2 b6 7. cxd5 exd5 8. d4 Ba6 9. O-O Bxe2 10. Qxe2 Re8 11. Nc3 c6 12. Rac1 Nbd7 13. Qa6 Qc8 14. Qd3 Qb7 15. g3 a5 16. Kg2 b5 17. Rc2 a4 18. h4 Nb6 19. Rh1 b4 20. Nxa4 Nxa4 21. bxa4 Rxa4 22. Qb3 Rea8 23. Ra1 Qa6 24. Bc1 Ne4 25. Bd2 Ra3 26. Qb2 b3 27. Rcc1 Rxa2 28. Rxa2 bxa2 29. Ra1 h6 30. Be1 Qc4 31. Nd2 Nxd2 32. Qxd2 Qb3 33. Qc1 Qc4 34. Qxc4 dxc4 35. Kf3 Ra3 36. Ke2 c3 37. Kd3 Bb4 38. Kc2 Kf8 39. e4 Ke7 40. f4 Kd7 41. Bf2 Kc7 42. d5 cxd5 43. exd5 Kd6 44. Bd4 g6 45. h5 gxh5 46. Bg7 Kxd5 47. Bxh6 Ke4 48. Bg7 Kf3 49. f5 Kxg3 50. Bd4 h4 51. f6 h3 52. Kd3 h2 53. Kc4 h1=Q 54. Rxh1 a1=Q 55. Rxa1 Rxa1 56. Kxb4 c2 57. Bxa1 c1=Q 58. Bc3 Qb1+ 59. Kc4 Qg6 60. Kb3 Kg4 61. Kc4 Kf5 62. Kd4 Ke6 63. Ke3 Qf5 64. Bd4 Kd5 65. Bc3 Qg4 66. Kd3 Qg3+ 67. Kd2 Kc4 68. Bb2 Qf2+ 69. Kc1 Kb3 70. Kd1 Qxb2 71. Ke1 Kc3 72. Kf1 Kd3 73. Kg1 Ke3 0-1

[Event "Titled Tuesday 2024.08.20 Late"]
[Site "Chess.com INT"]
[Date "2024.08.20"]
[Round "2"]
[White "Shamsi, Mohammadhossein"]
[Black "Keleberda, Tymur"]
[Result "0-1"]
[WhiteElo "2217"]
[BlackElo "2283"]
[WhiteFideId "-1"]
[BlackFideId "-1"]
[PlyCount "64"]
[GameId "2107989758836870"]
[EventDate "2024.08.20"]
[EventType "swiss (blitz)"]
[EventRounds "11"]
[EventCountry "NET"]
[SourceTitle "EXT 2025"]
[Source "ChessBase"]
[SourceDate "2024.10.14"]
[SourceVersion "1"]
[SourceVersionDate "2024.10.14"]
[SourceQuality "1"]

1. Nf3 Nf6 2. g3 d5 3. Bg2 c6 4. c4 dxc4 5. O-O Be6 6. Ng5 Bc8 7. Nf3 Nbd7 8. Qc2 Nb6 9. Na3 Qd5 10. Ne1 Qe5 11. e3 Be6 12. Nf3 Qd6 13. Nd4 Bd5 14. Rd1 Bxg2 15. Kxg2 e5 16. Nf5 Qd5+ 17. f3 e4 18. Nd4 exf3+ 19. Nxf3 Bxa3 20. bxa3 O-O 21. Bb2 Ne4 22. d3 Ng5 23. e4 cxd3 24. Rxd3 Qxe4 25. Re1 Qg6 26. Ne5 Qe6 27. Rf1 Qh3+ 28. Kg1 Nd5 29. Rd4 Qxf1+ 30. Kxf1 Ne3+ 31. Ke2 Nxc2 32. Rg4 f6 0-1

[Event "Titled Tuesday 2024.08.20 Late"]
[Site "Chess.com INT"]
[Date "2024.08.20"]
[Round "3"]
[White "Keleberda, Tymur"]
[Black "Sroczynski, Maciej"]
[Result "1-0"]
[WhiteElo "2283"]
[BlackElo "2255"]
[WhiteFideId "-1"]
[BlackFideId "-1"]
[PlyCount "55"]
[GameId "2107989758841103"]
[EventDate "2024.08.20"]
[EventType "swiss (blitz)"]
[EventRounds "11"]
[EventCountry "NET"]
[SourceTitle "EXT 2025"]
[Source "ChessBase"]
[SourceDate "2024.10.14"]
[SourceVersion "1"]
[SourceVersionDate "2024.10.14"]
[SourceQuality "1"]

1. f3 c5 2. Nh3 d5 3. Nf2 e5 4. e4 Nf6 5. exd5 Nxd5 6. Nc3 Nc7 7. Be2 Be7 8. O-O O-O 9. b3 Nc6 10. Re1 Ne6 11. Bf1 Ned4 12. Ne2 Nf5 13. Bb2 Be6 14. Ng3 Nfd4 15. Nd3 Qc7 16. c3 Nf5 17. Qe2 Nxg3 18. hxg3 Rad8 19. Rad1 Rfe8 20. Nxe5 Nxe5 21. Qxe5 Bd6 22. Qh5 Bxg3 23. Re4 g6 24. Qh6 f5 25. Rxe6 Rxe6 26. Bc4 Qe5 27. d4 Qe2 28. Bxe2 1-0

[Event "Titled Tuesday 2024.08.20 Late"]
[Site "Chess.com INT"]
[Date "2024.08.20"]
[Round "7"]
[White "Dolezal, Cristian"]
[Black "Keleberda, Tymur"]
[Result "0-1"]
[WhiteElo "2365"]
[BlackElo "2283"]
[WhiteFideId "-1"]
[BlackFideId "-1"]
[PlyCount "120"]
[GameId "2107989758874619"]
[EventDate "2024.08.20"]
[EventType "swiss (blitz)"]
[EventRounds "11"]
[EventCountry "NET"]
[SourceTitle "EXT 2025"]
[Source "ChessBase"]
[SourceDate "2024.10.14"]
[SourceVersion "1"]
[SourceVersionDate "2024.10.14"]
[SourceQuality "1"]

1. d4 a6 2. a4 d5 3. Bf4 e6 4. e3 c5 5. c3 Bd6 6. Bxd6 Qxd6 7. Qg4 Kf8 8. Nf3 Nf6 9. Qg3 Qxg3 10. hxg3 Nbd7 11. Nbd2 b6 12. b4 h6 13. Bd3 Ke7 14. Ke2 Bb7 15. Rhb1 c4 16. Bc2 Ng4 17. a5 b5 18. e4 dxe4 19. Bxe4 Bd5 20. Bxd5 exd5 21. Re1 Kd6 22. Kf1 g6 23. Ng1 h5 24. f3 Nh6 25. Nh3 Nf8 26. Re5 Ne6 27. Nf4 Nxf4 28. gxf4 f6 29. Re3 Rae8 30. Rae1 Rxe3 31. Rxe3 Nf5 32. Re2 Ng3+ 33. Kf2 Nxe2 34. Kxe2 h4 35. Nf1 h3 36. gxh3 Rxh3 37. Kf2 Ke6 38. Kg2 Rh8 39. Ne3 Re8 40. Kg3 Kd6 41. Kf2 Rh8 42. Kg2 Ke6 43. Kg1 Rh4 44. Ng2 Rh3 45. Kf2 Rh1 46. Ne1 Rxe1 47. Kxe1 Kf5 48. Kf1 Kxf4 49. Kf2 g5 50. Ke2 Kg3 51. Ke3 f5 52. Ke2 f4 53. Ke1 Kxf3 54. Kf1 g4 55. Kg1 Ke3 56. Kf1 f3 57. Kg1 g3 58. Kh1 Kd3 59. Kg1 Kxc3 60. Kf1 Kxd4 0-1

[Event "Titled Tuesday 2024.08.20 Late"]
[Site "Chess.com INT"]
[Date "2024.08.20"]
[Round "8"]
[White "Keleberda, Tymur"]
[Black "Alekseev, Evgeny V"]
[Result "1-0"]
[WhiteElo "2283"]
[BlackElo "2537"]
[WhiteFideId "-1"]
[BlackFideId "-1"]
[PlyCount "81"]
[GameId "2107989758883033"]
[EventDate "2024.08.20"]
[EventType "swiss (blitz)"]
[EventRounds "11"]
[EventCountry "NET"]
[SourceTitle "EXT 2025"]
[Source "ChessBase"]
[SourceDate "2024.10.14"]
[SourceVersion "1"]
[SourceVersionDate "2024.10.14"]
[SourceQuality "1"]

1. e3 d5 2. Nf3 Nf6 3. b3 Bg4 4. Bb2 Nbd7 5. Be2 e6 6. h3 Bh5 7. O-O Bd6 8. d3 c6 9. Nbd2 Qe7 10. e4 e5 11. Nh4 Bg6 12. Nxg6 hxg6 13. a4 O-O-O 14. exd5 cxd5 15. Bf3 Kb8 16. Re1 Qe6 17. c4 Nc5 18. d4 Nd3 19. dxe5 Nxe1 20. Qxe1 Rhe8 21. cxd5 Nxd5 22. Nc4 Bc7 23. Qe4 f5 24. Qh4 Nb4 25. Bc3 Nd3 26. Rd1 Nxe5 27. Rxd8+ Bxd8 28. Bxe5+ Qxe5 29. Qxd8+ Rxd8 30. Nxe5 g5 31. Be2 Kc7 32. Bc4 Rd4 33. Nf3 Rd1+ 34. Kh2 g4 35. hxg4 fxg4 36. Nh4 Kd6 37. Kg3 Ke5 38. Kxg4 a6 39. f4+ Kf6 40. g3 Rc1 41. Nf3 1-0

[Event "Titled Tuesday 2024.08.20 Late"]
[Site "Chess.com INT"]
[Date "2024.08.20"]
[Round "9"]
[White "Keleberda, Tymur"]
[Black "Kamsky, Gata"]
[Result "0-1"]
[WhiteElo "2283"]
[BlackElo "2609"]
[WhiteFideId "-1"]
[BlackFideId "-1"]
[PlyCount "74"]
[GameId "2107989758891368"]
[EventDate "2024.08.20"]
[EventType "swiss (blitz)"]
[EventRounds "11"]
[EventCountry "NET"]
[SourceTitle "EXT 2025"]
[Source "ChessBase"]
[SourceDate "2024.10.14"]
[SourceVersion "1"]
[SourceVersionDate "2024.10.14"]
[SourceQuality "1"]

1. e3 d5 2. Nf3 c6 3. b3 Bf5 4. Bb2 e6 5. Be2 Nf6 6. d3 h6 7. O-O a5 8. a4 Nbd7 9. Nbd2 Bb4 10. Ne5 Nxe5 11. Bxe5 O-O 12. Bf3 Bh7 13. Qe2 Re8 14. Rad1 Nd7 15. Bb2 e5 16. e4 Nf6 17. g3 Qc7 18. Bg2 Rad8 19. f4 Bxd2 20. Rxd2 dxe4 21. Bxe5 Qb6+ 22. d4 Nd7 23. Bxe4 Bxe4 24. Qxe4 f6 25. Qg6 Nf8 26. Qf5 fxe5 27. fxe5 Rxd4 28. Qf7+ Kh7 29. Rdf2 Rdd8 30. Kg2 Rxe5 31. h4 Qb4 32. Kh2 Ne6 33. Qf3 Qe4 34. Qc3 Qe3 35. Qb2 Rd2 36. Kg2 Rf5 37. Rxd2 Qxd2+ 0-1

[Event "Titled Tuesday 2024.08.20 Late"]
[Site "Chess.com INT"]
[Date "2024.08.20"]
[Round "10"]
[White "Pons Carreras, David"]
[Black "Keleberda, Tymur"]
[Result "1-0"]
[WhiteElo "2294"]
[BlackElo "2283"]
[WhiteFideId "-1"]
[BlackFideId "-1"]
[PlyCount "109"]
[GameId "2107989758899743"]
[EventDate "2024.08.20"]
[EventType "swiss (blitz)"]
[EventRounds "11"]
[EventCountry "NET"]
[SourceTitle "EXT 2025"]
[Source "ChessBase"]
[SourceDate "2024.10.14"]
[SourceVersion "1"]
[SourceVersionDate "2024.10.14"]
[SourceQuality "1"]

1. Nf3 Nf6 2. c4 e6 3. g3 d5 4. Bg2 dxc4 5. Qa4+ Nbd7 6. Qxc4 c6 7. O-O Nd5 8. e4 N5f6 9. Nc3 a6 10. d4 Rb8 11. Bg5 b5 12. Qe2 Be7 13. e5 Nd5 14. Bxe7 Nxc3 15. bxc3 Qxe7 16. h4 Bb7 17. Ng5 c5 18. Bxb7 Rxb7 19. Rad1 O-O 20. Qe4 Qxg5 21. hxg5 Rc7 22. d5 exd5 23. Rxd5 Nb6 24. Rd6 Nc4 25. Rfd1 Nxd6 26. exd6 Rd7 27. Qc6 Rfd8 28. Qxa6 b4 29. cxb4 cxb4 30. Qb6 Kf8 31. Qxb4 Ra8 32. a4 Ke8 33. a5 Rda7 34. d7+ Rxd7 35. Qb5 Raa7 36. Rxd7 Rxd7 37. a6 Ke7 38. a7 Rd1+ 39. Kg2 Ra1 40. Qb7+ Ke6 41. a8=Q Rxa8 42. Qxa8 Kf5 43. Qd5+ Kg6 44. f4 h5 45. gxh6 Kxh6 46. Qg5+ Kh7 47. f5 Kg8 48. f6 Kf8 49. fxg7+ Kg8 50. Qh6 f5 51. Qh8+ Kf7 52. g8=Q+ Ke7 53. Qh6 f4 54. Qgg7+ Kd8 55. Qhh8# 1-0